000 00501pam a2200181 a 4500
020 _a0471575836
020 _a0471575828 (pbk.)
040 _cDLC
082 _a650 WIL 1993 A050 Or.
100 1 _aGermer, Jerry,
245 1 0 _aCountry careers :
_bsuccessful ways to live and work in the country /
260 _aNew York :
_bWiley,
_cc1993
300 _axi, 274 p. :
_bmaps ;
_c24 cm
650 0 _aCareer changes
650 0 _aQuality of work life
650 0 _aUrban-rural migration
942 _cEK
999 _c14428
_d14428